Εισαγωγή στο Σύστημα MS-DOS 6.2 / Για τον IBM-PC και τους Συμβατούς (Record no. 1462)
[ view plain ]
| 000 -LEADER | |
|---|---|
| fixed length control field | 01527cam a22001814a 4500 |
| 005 - ΗΜΕΡΟΜΗΝΙΑ ΚΑΙ ΩΡΑ ΤΕΛΕΥΤΑΙΑΣ ΕΝΗΜΕΡΩΣΗΣ | |
| Πεδίο ελέγχου | 20250605163258.0 |
| 008 - FIXED-LENGTH DATA ELEMENTS--GENERAL INFORMATION | |
| Πεδίο ελέγχου σταθερού μήκους | 250528s ||||||||||||||||||||||||d |
| 035 ## - SYSTEM CONTROL NUMBER | |
| System control number | 15914 |
| 020 ## - ISBN | |
| ISBN | 9602092157 |
| 040 ## - ΠΗΓΗ ΚΑΤΑΛΟΓΟΓΡΑΦΗΣΗΣ | |
| Φορέας πρωτότυπης καταλογογράφησης | MC Athens Campus Library |
| Γλώσσα καταλογογράφησης | Ελληνικά, Μοντέρνα (1453-) |
| Modifying agency | MC Athens Campus Library |
| Κανόνες περιγραφικής καταλογογράφησης | AACR2 |
| 245 1# - ΤΙΤΛΟΣ ΚΑΙ ΔΗΛΩΣΗ ΥΠΕΥΘΥΝΟΤΗΤΑΣ | |
| Τίτλος | Εισαγωγή στο Σύστημα MS-DOS 6.2 / Για τον IBM-PC και τους Συμβατούς |
| 260 ## - PUBLICATION, DISTRIBUTION, ETC. | |
| Name of publisher, distributor, etc. | Κλειδάριθμος, |
| Date of publication, distribution, etc. | 1993 |
| 300 ## - PHYSICAL DESCRIPTION | |
| Extent | 360 |
| 520 ## - SUMMARY, ETC. | |
| Summary, etc. | Το παρόν βιβλίο σας εισάγει σιγά σιγά στον κόσμο του πιο διαδεδομένου συστήματος για προσωπικούς υπολογιστές, του MS-DOS, με ιδιαίτερη έμφαση στα νέα χαρακτηριστικά του MS-DOS 6.2. Εισαγωγή, Γνωριμία με τον Υπολογιστή σας, Μια Περιήγηση στο DOS, Το Κέλυφος του MS-DOS και το Σύστημα Αρχείων, Δίσκοι και Κατάλογοι και Αρχεία, Δουλεύοντας με Αρχεία, Γνωρίστε Χιλιάδες Κόσμους με το DOS, Μερικές Ακόμη Δυνατότητες, Πάρτε τα Μέτρα σας, Αυξήστε την Απόδοση του Υπολογιστή σας, Συνοπτικός Οδηγός Διαταγών του MS-DOS, Εγκατάσταση του MS-DOS 6.2, Μηνύματα Λαθών, Οι Κωδικοί ASCII, Ευρετήριο. |
| 942 ## - ADDED ENTRY ELEMENTS (KOHA) | |
| Koha item type | Books |
| Τύπος τεκμηρίου | Βιβλιοθήκη | Τρέχουσα τοποθεσία | Barcode | Αριθμός εισαγωγής | Ημερομηνία απόκτησης | Ταξιθετικό σύμβολο | Αριθμός αντιτύπου | Κατάσταση απόσυρσης | Κατάσταση χαμένου | Κατάσταση κατεστραμμένου | Μη δανεισμός | Σύνολο δανεισμών | Ημερομηνία τελευταίας εμφάνισης | Η τιμή ισχύει από |
|---|---|---|---|---|---|---|---|---|---|---|---|---|---|---|
| Books | MC Athens Campus Library | MC Athens Campus Library | 9780000014610 | 2528 | 05/06/2025 | 005.446 9 ΕΙS | 1 | 05/06/2025 | 05/06/2025 |